| 000 | 00482 a2200145 4500 | ||
|---|---|---|---|
| 003 | OSt | ||
| 005 | 20260205142549.0 | ||
| 008 | 260205b |||||||| |||| 00| 0 eng d | ||
| 020 | _a9788194867418 | ||
| 100 | _aगोडबोले अ . | ||
| 245 | _aमला उमजलेले स्वातंत्र्यवीर | ||
| 260 |
_bभारतीय विचार साधना प्रकाशन _c2011 _aपुणे |
||
| 300 | _a168PP. | ||
| 942 |
_cBK _2ddc |
||
| 999 |
_c370189 _d370189 |
||